000 00513nam a2200205 a 4500
999 _c993
_d993
001 993
003 BD-JhCC
005 20171012130145.0
008 171012s1965 nyu |||| |||| 000 0 eng d
035 _a(BD-JhCC)993
040 _aBD-JhCC
_dBD-JhCC
041 _aeng
082 _a500
_bBUS 1965
100 _aBush, Vannevar
245 _aScience Is Not Enough /
_cVannevar Bush
260 _aIndia:
_bVakils, Feffer and Simons Private Ltd
_c1965
300 _a178 p;
_c20 cm
650 _aScience
942 _2ddc
_cBK